000 00902nam a2200301 a 4500
999 _c63124
_d63124
001 63124
003 Mx-PuUPA
005 20200624083024.0
008 150701s1998 sp 000 0 spa d
020 _a84-89651-42-6
040 _cMx-PuUPA
082 0 _a231.3
_bAMB
100 0 _aAmbrose,
_cSaint, Bishop of Milan,
_d-397
_9804
245 1 3 _aEl espíritu santo /
_cAmbrosio de Milán.
264 1 _aEspaña :
_bEditorial Ciudad Nueva ;
_c1998
300 _a276 páginas ;
_c21 cm.
336 _atexto
_2rdacontent
337 _asin meidaicíon
_2rdamedia
338 _avolumen
_2rdacarrier
490 0 _aBiblioteca de patrística ;
_v41
650 4 _aLiteratura cristiana
650 4 _aJesucristo
_xDivinidad
650 4 _aEspíritu Santo
650 4 _aFilosofía cristiana
650 4 _aFilosofía patrística
700 0 _aAmbrose,
_cSaint, Bishop of Milan,
_d-397
_9804
942 _2ddc
_cLI